1M+ Cities By Letter On A Map - M - Statistics

General Stats
  • This quiz has been taken 240 times
  • The average score is 21 of 29
Answers on the Map
Answers color-coded by a green-red scale on the quiz's map according to % correct below.
 
Answer Stats
Population City % Correct
3,255,944 Madrid
99%
12,294,193 Mexico City
99%
10,381,222 Moscow
99%
12,691,836 Mumbai
98%
4,246,375 Melbourne
97%
1,236,837 Milan
97%
1,742,124 Minsk
97%
1,600,000 Montreal
97%
1,600,000 Manila
96%
1,260,391 Munich
96%
1,270,737 Montevideo
92%
2,587,183 Mogadishu
91%
1,323,624 Mecca
89%
1,999,979 Medellin
88%
1,135,512 Monterrey
82%
1,598,210 Manaus
81%
1,300,000 Medina
81%
1,191,613 Maputo
79%
1,739,800 Mosul
69%
2,225,000 Maracaibo
64%
1,208,099 Mandalay
61%
2,307,177 Mashhad
55%
1,750,971 Medan
50%
1,321,717 Makassar
38%
1,437,230 Multan
31%
1,754,256 Maracay
26%
1,112,449 Maiduguri
21%
1,223,184 Meerut
10%
1,121,974 Malingao
1%
No matching quizzes found
Score Distribution
Percent of People with Each Score
Percentile by Number Answered
Your Score History
You have not taken this quiz